Colonel Sheperton's Clock / (Record no. 7085)
[ view plain ]
| 000 -LEADER | |
|---|---|
| fixed length control field | 00606nam a2200217 a 4500 |
| 001 - CONTROL NUMBER | |
| JCCL Control Number | 7085 |
| 003 - CONTROL NUMBER IDENTIFIER | |
| JCCL marc code | BD-JhCC |
| 005 - DATE AND TIME OF LATEST TRANSACTION | |
| control field | 20180417184325.0 |
| 008 - FIXED-LENGTH DATA ELEMENTS--GENERAL INFORMATION | |
| fixed length control field | 180204s1964 xxk j 000 0 eng d |
| 035 ## - SYSTEM CONTROL NUMBER | |
| system control number | (BD-JhCC)7085 |
| 040 ## - CATALOGING SOURCE | |
| Original cataloging agency | BD-JhCC |
| Transcribing agency | UKM |
| Modifying agency | BD-JhCC |
| 041 ## - LANGUAGE CODE | |
| Language code of Book | eng |
| 082 04 - DEWEY DECIMAL CLASSIFICATION NUMBER | |
| Classification number | 823.91 |
| -- | J |
| DDC Edition number | 18 |
| Author mark and Year | TUR 1964 |
| 100 1# - MAIN ENTRY--PERSONAL NAME | |
| Personal name | Turner, Philip, |
| Dates associated with a name | 1925-2006. |
| 245 10 - TITLE STATEMENT | |
| Title | Colonel Sheperton's Clock / |
| Statement of responsibility, etc | Philip Turner and illustrated by Philip Gough. |
| 260 ## - PUBLICATION, DISTRIBUTION, ETC. (IMPRINT) | |
| Name of publisher, distributor, etc | Oxford University Press, |
| Date of publication, distribution, etc | 1964. |
| 300 ## - PHYSICAL DESCRIPTION | |
| Pagination | 191 p. : |
| Other physical details | ill. ; |
| Dimensions | 23 cm. |
| 650 ## - SUBJECT ADDED ENTRY--TOPICAL TERM | |
| Topical term or geographic name as entry element | Adventure Stories |
| 942 ## - ADDED ENTRY ELEMENTS (KOHA) | |
| Source of classification or shelving scheme | Dewey Decimal Classification |
| Koha item type | Books |
| Source of classification or shelving scheme | Damaged status | Not for loan | Home library | Current library | Shelving location | Date of accession | Total Checkouts | Full call number | Barcode | Date last seen | Copy number | Koha item type |
|---|---|---|---|---|---|---|---|---|---|---|---|---|
| Dewey Decimal Classification | JCC Rouf Library | JCC Rouf Library | General Stacks | 02/04/2018 | 823.91 TUR 1964 | 9668 | 02/04/2018 | C - 1 | Books |